| 000 | 00809nam a2200205 a 4500 | ||
|---|---|---|---|
| 003 | 0 | ||
| 005 | 20250617111254.0 | ||
| 008 | 021114s19uu xx 00 eng d | ||
| 050 |
_aPGS Z 1003.2 _b.M266 1999 |
||
| 100 | _aManahan, Micaela Maria R. | ||
| 245 |
_aA study on the reading preferences of grade 5 and 6 students of Southville International School / _cMicaela Maria R. Manahan |
||
| 260 |
_aLas PiƱas City, Philippines : _bSouthville International School and Colleges, _c1999. |
||
| 300 |
_a24 pages : _bcolored illustrations ; _c28 cm. |
||
| 504 | _aIncludes bibliographical references. | ||
| 650 |
_aChildren _vBooks and reading. |
||
| 650 |
_a Reading interests _vElementary school students. |
||
| 650 | _aReading (Elementary). | ||
| 650 |
_aStudents _vBooks and reading. |
||
| 942 |
_2lcc _cPASS |
||
| 999 |
_c96165 _d96165 |
||